Damsel 2024 / directed by Juan Carlos Fresnadillo ; produced by Joe Roth, Jeff Kirschenbaum, Chris Castaldi; written by Dan Mazeau. (Record no. 20719)

000 -LEADER
fixed length control field 01010nam a22002657a 4500
008 - FIXED-LENGTH DATA ELEMENTS--GENERAL INFORMATION
fixed length control field 250524b xxu||||| |||| 00| 0 eng d
040 ## - CATALOGING SOURCE
Transcribing agency Cagayan State University
082 ## - DEWEY DECIMAL CLASSIFICATION NUMBER
Classification number 791.4372
Item number D189
245 ## - TITLE STATEMENT
Title Damsel 2024 / directed by Juan Carlos Fresnadillo ; produced by Joe Roth, Jeff Kirschenbaum, Chris Castaldi; written by Dan Mazeau.
260 ## - PUBLICATION, DISTRIBUTION, ETC. (IMPRINT)
Place of publication, distribution, etc United States :
Name of publisher, distributor, etc Netflix,
Date of publication, distribution, etc 2024.
300 ## - PHYSICAL DESCRIPTION
Extent 1 videofile (ca. 110 minutes.) :
Other physical details sound, color.
520 ## - SUMMARY, ETC.
Summary, etc A dutiful damsel agrees to marry a handsome prince, only to find the royal family has recruited her as a sacrifice to repay an ancient debt.

546 ## - LANGUAGE NOTE
Language note In English subtitle.
650 ## - SUBJECT ADDED ENTRY--TOPICAL TERM
Topical term or geographic name as entry element Fantasy.
650 ## - SUBJECT ADDED ENTRY--TOPICAL TERM
Topical term or geographic name as entry element Action.
650 ## - SUBJECT ADDED ENTRY--TOPICAL TERM
Topical term or geographic name as entry element Adventure.
700 ## - ADDED ENTRY--PERSONAL NAME
Personal name Brown, Millie Bobby, star.
700 ## - ADDED ENTRY--PERSONAL NAME
Personal name Winstone, Ray, star.
700 ## - ADDED ENTRY--PERSONAL NAME
Personal name Bassett, Angela, star.
700 ## - ADDED ENTRY--PERSONAL NAME
Personal name Carter, Brooke, star.
700 ## - ADDED ENTRY--PERSONAL NAME
Personal name Robinson, Nick, star.
700 ## - ADDED ENTRY--PERSONAL NAME
Personal name Wright, Robin, star.
700 ## - ADDED ENTRY--PERSONAL NAME
Personal name Joseph, Nicole, star.
942 ## - ADDED ENTRY ELEMENTS (KOHA)
Source of classification or shelving scheme
Item type Audio-Visual Materials

No copies available.

Cagayan State University University Library, Carig Campus
Tuguegarao City, Cagayan 3500 | www.csucarig.edu.ph

Powered by Koha